European Geography by Letter - P - Statistics

General Stats
  • This quiz has been taken 216 times
  • The average score is 13 of 20
Answer Stats
Hint Answer % Correct
Country on the Iberian Peninsula Portugal
99%
The Louvre is located in this city Paris
98%
Title for the head of state of the Vatican City Pope
98%
Capital of Czechia Prague
96%
Italian city famous for its leaning tower Pisa
95%
Country that speaks a Slavic language Poland
95%
Mountain range in France, Spain, and Andorra Pyrenees
92%
Famous Ancient Greek temple on the Acropolis of Athens Parthenon
87%
Second-largest city in the above country Porto
84%
Capital of Kosovo Pristina
83%
Capital of Montenegro Podgorica
78%
Group of peoples that ruled over most of Scotland in the Early Middle Ages Picts
47%
Italian territories that the above ruled over from 756-1870 Papal States
46%
Peninsula in southern Greece Peloponnese
46%
Fifth-largest city in the above country, with a metro area of over 1 million people Poznań
44%
Historical region of southeastern France Provence
41%
Region of Italy in the northwest; Turin is its capital Piedmont
39%
City located on the above island Portsmouth
20%
Language spoken by around 700,000 people in northern France and southern Belgium Picard
14%
Island with the third largest population in the British Isles, after Great Britain and Ireland Portsea Island
9%
No matching quizzes found
Score Distribution
Percent of People with Each Score
Percentile by Number Answered
Your Score History
You have not taken this quiz